[Event "Gibraltar Amateurs op-B"]
[Site "Caleta"]
[Date "2020.01.27"]
[Round "3"]
[White "Maloney, Harry1111"]
[Black "Izzard, Brian J"]
[Result "1-0"]
[WhiteElo "1328"]
[BlackElo "1626"]
[PlyCount "71"]
[EventDate "2020.01.20"]
[EventType "swiss"]
[EventRounds "5"]
[EventCountry "GGB"]
[SourceTitle "CBM 194 Extra"]
[Source "ChessBase"]
[SourceDate "2020.03.31"]
[SourceVersion "1"]
[SourceVersionDate "2020.03.31"]
[SourceQuality "1"]

1. d4 d5 2. Nf3 Nf6 3. Bg5 e6 4. e3 Be7 5. Nbd2 0-0 6. Bd3 Nbd7 7. c3 c5 8. 0-0 a6 9. Qc2 c4 10. Be2 Re8 11. Rae1 b5 12. Bxf6 Bxf6 13. e4 e5 14. dxe5 Nxe5 15. Nxe5 Bxe5 16. exd5 Bb7 17. Bf3 Qc7 18. g3 Rad8 19. Bg2 Bxd5 20. Bxd5 Rxd5 21. f4 Qc5+ 22. Kh1 Red8 23. Ne4 Qb6 24. fxe5 Rd3 25. Rd1 Qc6 26. Rde1 Rd2 27. Qc1 h5 28. Kg1 Qb6+ 29. Rf2 R2d3 30. Kf1 Qe6 31. Ng5 Qd5 32. Kg1 Qc5 33. Qf4 Rd2 34. Qxf7+ Kh8 35. Qxh5+ Kg8 36. Qh7# 1-0

[Event "Gibraltar Amateur op-B"]
[Site "Caleta"]
[Date "2019.01.27"]
[Round "2"]
[White "Apps, Ian"]
[Black "Izzard, Brian J"]
[Result "0-1"]
[WhiteElo "1312"]
[BlackElo "1670"]
[PlyCount "68"]
[EventDate "2019.01.26"]
[EventType "swiss"]
[EventRounds "5"]
[EventCountry "GGB"]
[SourceTitle "EXT 2021"]
[Source "ChessBase"]
[SourceDate "2020.10.23"]
[SourceVersion "1"]
[SourceVersionDate "2020.10.23"]
[SourceQuality "1"]

1. d4 d5 2. Bf4 Nf6 3. e3 Bf5 4. c3 e6 5. Qb3 Qc8 6. Nd2 Be7 7. h3 h6 8. Be2 0-0 9. g4 Bh7 10. h4 Nbd7 11. g5 hxg5 12. hxg5 Ne4 13. Ngf3 c5 14. Bd3 c4 15. Qc2 cxd3 16. Qxd3 Bf5 17. Qf1 f6 18. Qg2 fxg5 19. Nxg5 Nxg5 20. Bxg5 Bxg5 21. Qxg5 Qd8 22. Qg3 Nf6 23. Ke2 Ne4 24. Nxe4 Bxe4 25. Rh6 Rf6 26. Rg1 Qe7 27. Qh4 Raf8 28. Rh8+ Kf7 29. Qh5+ Bg6 30. Rxf8+ Qxf8 31. Qe5 Kg8 32. Qh2 Be4 33. Rf1 Qc8 34. f3 Bd3+ 0-1

[Event "Gibraltar Amateur op-B"]
[Site "Caleta"]
[Date "2018.01.30"]
[Round "4"]
[White "Izzard, Brian J"]
[Black "Spanton, Timothy"]
[Result "0-1"]
[WhiteElo "1657"]
[BlackElo "1888"]
[PlyCount "38"]
[EventDate "2018.01.27"]
[EventType "swiss"]
[EventRounds "5"]
[EventCountry "GGB"]
[SourceTitle "EXT 2019"]
[Source "ChessBase"]
[SourceDate "2018.10.10"]
[SourceVersion "1"]
[SourceVersionDate "2018.10.10"]
[SourceQuality "1"]

1. d4 d5 2. Bg5 Nf6 3. e3 Nc6 4. Nf3 Bg4 5. Be2 e6 6. Nbd2 h6 7. Bh4 Be7 8. h3 Bf5 9. Bb5 a6 10. Be2 Nb4 11. 0-0 Nxc2 12. Rc1 Nb4 13. Qb3 Bd6 14. Ne5 g5 15. Bg3 0-0 16. f4 Ne4 17. Nxe4 Bxe4 18. a3 Nc6 19. Qxb7 Na5 0-1

[Event "Gibraltar Amateur op-B"]
[Site "Caleta"]
[Date "2016.02.01"]
[Round "3"]
[White "Lopez Diaz, Rafael"]
[Black "Izzard, Brian J"]
[Result "1/2-1/2"]
[WhiteElo "1854"]
[BlackElo "1656"]
[PlyCount "74"]
[EventDate "2016.01.30"]
[EventType "swiss"]
[EventRounds "5"]
[EventCountry "GGB"]
[SourceTitle "CBM 170 Extra"]
[Source "ChessBase"]
[SourceDate "2016.02.25"]
[SourceVersion "1"]
[SourceVersionDate "2016.02.25"]
[SourceQuality "1"]

1. d4 Nf6 2. c4 e6 3. Nc3 b6 4. Nf3 Bb7 5. e3 Bb4 6. Bd2 0-0 7. Bd3 d5 8. cxd5 exd5 9. 0-0 Nbd7 10. Rc1 a6 11. a3 Bd6 12. Ne2 Ne4 13. Ng3 f5 14. Ne1 Qh4 15. f4 Nxg3 16. Nf3 Qh5 17. hxg3 Nf6 18. Nh2 Qg6 19. Qf3 Ne4 20. Bxe4 dxe4 21. Qf2 Rae8 22. Rfd1 Re6 23. Qe1 Qh5 24. Nf1 Rh6 25. Kf2 a5 26. Qe2 Qg6 27. b4 a4 28. b5 Bd5 29. Rc3 Rc8 30. Bc1 Rh1 31. Nd2 Rh2 32. Bb2 h5 33. Re1 h4 34. Nf1 hxg3+ 35. Nxg3 Kf7 36. Rh1 Rch8 37. Rxh2 Rxh2 1/2-1/2